00470cam a22001572 4500001001100000005001700011008004100028040001500069050002100084100003100105245003800136260003800174300001000212650004100222650004900263000000328120151217155820.0070502s xx 000 0 eng d aKABUcKABU 0aHQ1796.5b.Z75A31 aDumila, Faraj.@000015306010aWomen in the country of harambee. aNairobi :bEleza Services,c[19?] a60 p. 0aWomenxBiographyzKenya.@0000153061 0aWomen in the professionszKenya.@0000153062